Movimientos sociais, ciudadania e democracia /
Պահպանված է:
| Հիմնական հեղինակ: | |
|---|---|
| Ձևաչափ: | Տեքստ |
| Ցուցիչներ: |
Ավելացրեք ցուցիչ
Չկան պիտակներ, Եղեք առաջինը, ով նշում է այս գրառումը!
|
MARC
| LEADER | 00000 a a2200000 04500 | ||
|---|---|---|---|
| 001 | 2372 | ||
| 003 | |||
| 040 | |||
| 100 | |a Kunrath Silva, Marcelo | ||
| 245 | |a Movimientos sociais, ciudadania e democracia / |c Marcelo Kunrath Silva | ||
| 773 | |g número 10; páginas 107-135 | ||
| 999 | |c 21458 |d 21458 | ||
